LIBRARY & INFORMATION CENTRE, KCAET, TAVANUR

ONLINE PUBLIC ACCESS CATALOGUE (OPAC)

Introduction to theory of statistics / (Record no. 1502)

MARC details
000 -LEADER
fixed length control field 00868cam a2200169ua 4500
003 - CONTROL NUMBER IDENTIFIER
control field OSt
008 - FIXED-LENGTH DATA ELEMENTS--GENERAL INFORMATION
fixed length control field 220204b ||||| |||| 00| 0 eng d
041 ## - LANGUAGE CODE
Language code of text/sound track or separate title eng
082 ## - DEWEY DECIMAL CLASSIFICATION NUMBER
Classification number 519.01
Item number MOO/IN
100 ## - MAIN ENTRY--AUTHOR NAME
Personal name Mood, Alexander M.
245 ## - TITLE STATEMENT
Title Introduction to theory of statistics /
250 ## - EDITION STATEMENT
Edition statement 2 /
260 ## - PUBLICATION, DISTRIBUTION, ETC. (IMPRINT)
Place of publication New York :
Name of publisher Mc Graw Hill Book Company ,
Year of publication 1963.
300 ## - PHYSICAL DESCRIPTION
Number of Pages 443 ; .
505 ## - FORMATTED CONTENTS NOTE
Formatted contents note I Probability <br/>II Random Variables, Distribution Functions, and Expectation<br/>ill Special Parametric Families of Univariate Distributions<br/>IV Joint and Conditional Distributions, Stochastic Independence, More Expectation <br/>V Distributions of Functions of Random Variables <br/>VI Sampling and Sampling Distributions <br/>VII Parametric Point Estimation<br/>vm Parametric Interval Estimation<br/>IX Tests of Hypotheses <br/>X Linear Models <br/>XI Nonparametric Methods<br/>
942 ## - ADDED ENTRY ELEMENTS (KOHA)
Koha item type Books
Holdings
Withdrawn status Lost status Damaged status Home library Current library Date acquired Full call number Accession Number Koha item type
      KAUAET KAUAET 07/04/2012 519.01 MON/IN 9214 Books
free website counter